| 000 | 00521nam a2200193 a 4500 | ||
|---|---|---|---|
| 001 | 1770713644552 | ||
| 003 | YourLibrary | ||
| 005 | 20260210142832.0 | ||
| 008 | 260210s2004##################000#0#eng## | ||
| 020 | _a9781840648898 | ||
| 082 | 0 | 4 | _a333.79SOR |
| 100 | 1 |
_aSorrell, Steve, _eauthor. |
|
| 245 | 1 | 0 | _aThe Economics of Energy Efficiency : |
| 260 |
_bEdward Elgar Publishing, _c2004. |
||
| 300 | _a368 pages | ||
| 650 | 0 | _aBusiness & Economics. | |
| 942 | _cENGLISH | ||
| 040 |
_aYourLibrary _beng _cYourLibrary |
||
| 999 |
_c611389 _d611389 |
||